[Event "1st Regina Cattolica Open 2019"]
[Site "Cattolica"]
[Date "2019.06.15"]
[Round "1.10"]
[White "Ricci, Alessio"]
[Black "Calavalle, Giulio"]
[Result "0-1"]
[WhiteElo "1955"]
[BlackElo "2223"]
[Annotator "TA"]
[PlyCount "78"]
[EventDate "2019.06.14"]
[EventType "swiss"]
[EventCountry "ITA"]
[SourceTitle "playchess.com"]
[Source "ChessBase"]
[SourceQuality "1"]

{[%evp 9,77,52,47,26,27,16,24,16,25,0,0,-28,0,0,29,31,34,41,95,85,85,89,83,38,95,40,37,22,26,14,14,14,10,0,-4,-16,0,-8,0,0,0,-2,0,0,6,0,80,62,101,75,152,141,150,155,191,184,204,227,214,-5565,-5565,-29995,-29996,-29996,-29997,-29997,-29998,-29998,-29999,-29999]} 1. e4 c5 2. Nf3 Nc6 3. Bb5 a6 4. Bxc6 dxc6 5. d3 Qc7 6. h3 {B30: Sicilian: 2...Nc6 3 Bb5, lines without ...g6} (6. Be3 e5 7. Nbd2 Bd6 8. h3 Ne7 9. Nc4 Ng6 10. Qd2 a5 11. Nxd6+ Qxd6 12. Qc3 b6 13. g3 O-O {½-½ (42) Piorun,K (2676)-Mista,A (2593) Poland 2016}) 6... e5 7. b3 $146 ({Predecessor:} 7. O-O Ne7 8. a4 a5 9. Bd2 Ng6 10. Na3 Be7 11. Nc4 O-O 12. Bc3 f6 13. Qd2 b6 {0-1 (27) Kulon,K (2309)-Heberla,B (2561) Krakow 2013}) 7... Bd6 8. O-O {White has an edge.} f6 9. Bb2 Ne7 10. Nh4 Be6 11. Qh5+ Kd7 12. Nd2 g5 {[#]} 13. Nf5 $1 {[%mdl 512]} Raf8 ({Black should play} 13... Bxf5 $14 14. exf5 Raf8) 14. Ng7 $16 Ng6 15. Nxe6 Kxe6 16. Nc4 Ke7 ({Better is} 16... Nf4 $14 17. Qg4+ Kf7) 17. Ne3 (17. g3 $16) 17... Nf4 $14 18. Qg4 (18. Qd1 {is more complex.} h5 19. Bc3 Kd8 20. Qd2 Kc8 21. a4) 18... h5 19. Nf5+ Kd8 20. Qd1 Kc8 21. Kh2 Ne6 22. g3 Rd8 23. Kg2 Rdg8 24. Qd2 Bf8 25. a4 a5 26. Qc3 $36 {[%mdl 2048] White has the initiative.} Nd4 27. Ne3 g4 {[#]} (27... h4 $11 {keeps the balance.}) 28. hxg4 $1 $16 hxg4 {( -> ...Rh2+!)} 29. Rh1 Rh3 (29... Bh6 $142) 30. Qc4 Rgh8 {Strongly threatening ...Qh7.} 31. Bxd4 $1 Qh7 32. Qe6+ Kc7 33. Bxe5+ $1 ({Stronger than} 33. Qxf6 cxd4 34. Nc4 (34. Qxe5+ $2 Bd6 $19) 34... Rxh1 $11) 33... fxe5 34. Rhd1 $4 {[%mdl 8192] [#]} (34. Rhg1 $18) 34... Rxg3+ $1 $19 {[%mdl 512]} 35. fxg3 Qh2+ {Black mates.} 36. Kf1 Qh1+ 37. Ke2 Rh2+ 38. Ng2 Qxg2+ {[%mdl 64] Double Attack} 39. Ke3 Qe2# {Accuracy: White = 45%, Black = 48%.} 0-1

[Event "1st Regina Cattolica Open 2019"]
[Site "Cattolica"]
[Date "2019.06.15"]
[Round "1.11"]
[White "Malfagia, Andrea"]
[Black "Aimi, Luca"]
[Result "0-1"]
[WhiteElo "2191"]
[BlackElo "1942"]
[Annotator "RC"]
[PlyCount "158"]
[EventDate "2019.06.14"]
[EventType "swiss"]
[EventCountry "ITA"]
[SourceTitle "playchess.com"]
[Source "ChessBase"]
[SourceQuality "1"]
[TimeControl "5400+30"]

1. d4 {[%emt 0:00:00]} e6 {[%emt 0:00:00]} 2. c4 {[%emt 0:00:00]} d5 {[%emt 0:00:00]} 3. Nc3 {[%emt 0:00:00]} c5 {[%emt 0:06:49]} 4. cxd5 {[%emt 0:00:02]} exd5 {[%emt 0:00:12]} 5. Nf3 {[%emt 0:00:08]} Nc6 {[%emt 0:00:23]} 6. g3 {[%emt 0:00:05]} Nf6 {[%emt 0:00:19]} 7. Bg2 {[%emt 0:00:05]} Be7 {[%emt 0:00:22]} 8. O-O {[%emt 0:00:07]} O-O {[%emt 0:00:12]} 9. Bg5 {[%emt 0:00:25]} c4 {[%emt 0:08:24]} 10. Ne5 {[%emt 0:12:08]} Be6 {[%emt 0:00:25]} 11. f4 {[%emt 0:00:12]} Qc8 {[%emt 0:26:54]} 12. Bxf6 {[%emt 0:11:24]} gxf6 {[%emt 0:01:34]} 13. Nxc6 {[%emt 0:00:52]} bxc6 {[%emt 0:00:18]} 14. e3 {[%emt 0:08:34]} Rb8 {[%emt 0:13:11]} 15. Rf2 {[%emt 0:00:16]} f5 {[%emt 0:09:27]} 16. Qh5 {[%emt 0:02:11]} Kh8 {[%emt 0:06:28]} 17. Kh1 {[%emt 0:03:02]} Rg8 {[%emt 0:00:16]} 18. Rd1 {[%emt 0:04:58]} Qf8 {[%emt 0:00:26]} 19. Bh3 {[%emt 0:00:42]} Qc8 {[%emt 0:02:30]} 20. Rc2 {[%emt 0:01:09]} Rg6 {[%emt 0:01:53]} 21. Ne2 {[%emt 0:03:53]} Bf8 {[%emt 0:00:45]} 22. Ng1 {[%emt 0:00:08]} Rh6 {[%emt 0:01:06]} 23. Qe2 {[%emt 0:00:08]} Qa6 {[%emt 0:01:21]} 24. b3 {[%emt 0:01:18]} Qa3 {[%emt 0:02:18]} 25. bxc4 {[%emt 0:02:05]} dxc4 {[%emt 0:00:39]} 26. Bg2 {[%emt 0:02:44]} Bd5 {[%emt 0:01:31]} 27. Bxd5 {[%emt 0:14:07]} cxd5 {[%emt 0:00:13]} 28. Nf3 {[%emt 0:02:12]} Re6 {[%emt 0:03:18]} 29. Ng5 {[%emt 0:00:55]} Re7 {[%emt 0:03:31]} 30. Qh5 {[%emt 0:11:35]} f6 {[%emt 0:00:38]} 31. Nf7+ {[%emt 0:00:30]} Kg8 {[%emt 0:01:19]} 32. Qxf5 {[%emt 0:00:25]} Kxf7 {[%emt 0:02:39]} 33. Qxd5+ {[%emt 0:00:36]} Kg7 {[%emt 0:00:24]} 34. Qxc4 {[%emt 0:14:42]} Qxe3 {[%emt 0:00:17]} 35. Rg2 {[%emt 0:00:10]} Qe4 {[%emt 0:01:46]} 36. Qc1 {[%emt 0:00:39]} Reb7 {[%emt 0:01:09]} 37. Re1 {[%emt 0:05:20]} Qxd4 {[%emt 0:00:16]} 38. Qc6 {[%emt 0:00:38]} Qc5 {[%emt 0:01:18]} 39. Qf3 {[%emt 0:00:07]} Rb1 {[%emt 0:00:45]} 40. Reg1 {[%emt 0:00:26]} Rxg1+ {[%emt 0:01:27]} 41. Rxg1 {[%emt 0:00:02]} Rd8 {[%emt 0:00:48]} 42. Rb1 {[%emt 0:00:15]} Re8 {[%emt 0:01:27]} 43. h4 {[%emt 0:00:54]} Qf5 {[%emt 0:01:05]} 44. Rb7+ {[%emt 0:01:01]} Kh8 {[%emt 0:01:12]} 45. Kg2 {[%emt 0:00:06]} Qc2+ {[%emt 0:00:15]} 46. Kh3 {[%emt 0:00:09]} Qc8+ {[%emt 0:00:22]} 47. f5 {[%emt 0:00:09]} Re7 {[%emt 0:00:51]} 48. Rb3 {[%emt 0:01:26]} Re5 {[%emt 0:00:31]} 49. g4 {[%emt 0:00:13]} Bc5 {[%emt 0:00:19]} 50. h5 {[%emt 0:00:38]} Qe8 {[%emt 0:00:11]} 51. Kh4 {[%emt 0:00:19]} Qg8 {[%emt 0:00:46]} 52. Qf4 {[%emt 0:00:23]} Bb6 {[%emt 0:00:43]} 53. Qh6 {[%emt 0:00:18]} Qg7 {[%emt 0:00:26]} 54. Qc1 {[%emt 0:00:26]} Qd7 {[%emt 0:00:39]} 55. h6 {[%emt 0:00:31]} Qd8 {[%emt 0:00:33]} 56. Qc6 {[%emt 0:00:48]} Qf8 {[%emt 0:00:19]} 57. Kh5 {[%emt 0:00:29]} Re3 {[%emt 0:00:40]} 58. g5 {[%emt 0:00:39]} Rxb3 {[%emt 0:00:26]} 59. axb3 {[%emt 0:00:13]} fxg5 {[%emt 0:00:23]} 60. Qc3+ {[%emt 0:00:44]} Kg8 {[%emt 0:00:10]} 61. Kxg5 {[%emt 0:00:14]} Qd8+ {[%emt 0:01:04]} 62. Kh5 {[%emt 0:00:38]} Qd1+ {[%emt 0:00:02]} 63. Kg5 {[%emt 0:00:26]} Qg1+ {[%emt 0:00:34]} 64. Kh5 {[%emt 0:00:36]} Qh2+ {[%emt 0:00:41]} 65. Kg5 {[%emt 0:00:47]} Bd8+ {[%emt 0:00:41]} 66. f6 {[%emt 0:00:15]} Qg2+ {[%emt 0:00:15]} 67. Kf5 {[%emt 0:00:29]} Qg6+ {[%emt 0:00:10]} 68. Ke6 {[%emt 0:00:07]} Qxh6 {[%emt 0:00:44]} 69. Qg3+ {[%emt 0:01:41]} Qg6 {[%emt 0:00:37]} 70. Qe5 {[%emt 0:00:31]} Qxf6+ {[%emt 0:00:16]} 71. Qxf6 {[%emt 0:00:02]} Bxf6 {[%emt 0:00:10]} 72. Kxf6 {[%emt 0:00:02]} Kf8 {[%emt 0:00:19]} 73. b4 {[%emt 0:01:00]} Ke8 {[%emt 0:00:14]} 74. Ke6 {[%emt 0:00:21]} Kd8 {[%emt 0:00:36]} 75. Kd6 {[%emt 0:00:10]} Kc8 {[%emt 0:00:10]} 76. Kc6 {[%emt 0:00:09]} h6 {[%emt 0:00:23]} 77. b5 {[%emt 0:00:04]} h5 {[%emt 0:00:19]} 78. b6 {[%emt 0:00:33]} axb6 {[%emt 0:01:05]} 79. Kxb6 {[%emt 0:00:02]} h4 {[%emt 0:02:21]} 0-1

[Event "1st Regina Cattolica Open 2019"]
[Site "Cattolica"]
[Date "2019.06.15"]
[Round "2.1"]
[White "Calavalle, Giulio"]
[Black "Vovk, Yuri"]
[Result "0-1"]
[WhiteElo "2223"]
[BlackElo "2586"]
[Annotator "TA"]
[PlyCount "64"]
[EventDate "2019.06.14"]
[EventType "swiss"]
[EventCountry "ITA"]
[SourceTitle "playchess.com"]
[Source "ChessBase"]
[SourceQuality "1"]

{[%evp 12,64,22,27,45,52,51,0,14,9,29,18,60,20,45,-44,-49,-50,-37,-84,-78,-81,-57,-197,-203,-178,-179,-180,-171,-295,-299,-301,-300,-388,-389,-387,-349,-257,-279,-504,-504,-503,-501,-531,-409,-1069,-1055,-1180,-750,-682,-704,-1261,-1190,-1367,-1229]} 1. e4 c5 2. Nf3 e6 3. d4 cxd4 4. Nxd4 a6 5. Nc3 Qc7 6. Bd3 Nf6 7. Qe2 Bc5 {B43: Sicilian: Kan Variation: 5 Nc3} 8. Nb3 Bd6 9. a4 $146 ({White should play} 9. Rf1 $14) ({Predecessor:} 9. Bd2 Nc6 10. O-O-O b5 11. g4 b4 12. Na4 Ne5 13. g5 Nfg4 14. Kb1 Qc6 15. f4 Qxa4 {0-1 (38) Saltaev,M (2484)-Handke,F (2518) Germany 2012}) 9... Nc6 {The position is equal.} 10. g3 b6 11. f4 {Strongly threatening e5.} e5 12. O-O {Black must now prevent Nd5.} Bb7 13. a5 ({White should try} 13. fxe5 $14 Nxe5 {[#]} 14. Bh6 $1 {[%mdl 512]}) 13... Nxa5 $15 14. Nxa5 bxa5 15. Be3 O-O 16. f5 Bb4 17. g4 (17. Na4 $15) 17... Bxc3 $19 18. bxc3 Nxe4 19. Bxe4 Bxe4 20. Ra4 (20. f6 $142) 20... Bc6 21. Rc4 Qb7 {Hoping for ...Bb5.} 22. Qf2 Bb5 {[%mdl 64] [#] Skewer} 23. Rb1 Qd5 24. Rc5 Qe4 25. Qg3 $2 (25. h3) 25... d6 26. Rc7 Rfc8 27. Bb6 a4 28. Rb4 (28. Re1 $142 Qxc2 29. Qf3) 28... Qxc2 {( -> ...Qc1+). Black is clearly winning.} 29. Qf3 e4 30. Qxe4 Qc1+ 31. Kf2 Re8 32. Re7 Qd2+ {Accuracy: White = 24%, Black = 61%.} 0-1

[Event "1st Regina Cattolica Open 2019"]
[Site "Cattolica"]
[Date "2019.06.15"]
[Round "2.2"]
[White "Repka, Christopher"]
[Black "Palozza, Christian"]
[Result "1-0"]
[WhiteElo "2482"]
[BlackElo "2225"]
[Annotator "TA"]
[PlyCount "87"]
[EventDate "2019.06.14"]
[EventType "swiss"]
[EventCountry "ITA"]
[SourceTitle "playchess.com"]
[Source "ChessBase"]
[SourceQuality "1"]

{[%evp 9,87,1,4,-7,13,6,13,0,27,25,25,35,36,20,21,25,30,13,26,16,18,6,25,31,50,42,41,41,43,46,66,20,28,18,53,71,54,38,68,58,72,73,106,122,125,124,123,112,216,201,171,123,177,146,276,260,329,325,310,300,360,355,477,460,489,389,492,484,495,526,499,482,1658,1558,1282,1204,29992,29993,29993,29994]} 1. d4 e6 2. Bf4 Nf6 3. e3 b6 4. h3 Bb7 5. Nf3 c5 (5... Bd6 6. Bxd6 cxd6 7. Be2 d5 8. O-O O-O 9. a4 a6 10. c3 d6 11. Nbd2 Nbd7 12. Qb3 Qe7 13. Qa3 {0-1 (54) Zhao,J (2627)-Martirosyan,H (2616) chess.com INT 2019}) 6. Be2 {A47: 1 d4 Nf6 2 Nf3 b6: Torre, London and Colle Systems} Be7 7. O-O O-O 8. c3 {The position is equal.} cxd4 $146 ({Predecessor:} 8... d6 9. Nbd2 Nbd7 10. a4 a6 11. Bh2 Qc7 12. Bd3 cxd4 13. exd4 {½-½ (52) Repka,C (2454)-Cruz,F (2337) Almazan 2017}) 9. exd4 d6 10. a4 a6 11. Nbd2 Nbd7 12. Re1 Re8 13. Bh2 Qc7 14. Bd3 Bc6 15. c4 Qb7 16. b4 {d5! is the strong threat.} Bxf3 17. Nxf3 a5 18. b5 Bf8 19. Rc1 Rad8 20. Nd2 e5 21. Nb3 $36 {[%mdl 2048] Black is under pressure.} e4 22. Bf1 Rc8 23. Bf4 g6 24. Re2 Nh5 25. Be3 f5 26. c5 dxc5 27. dxc5 Nxc5 28. Nxc5 bxc5 (28... Bxc5 $16 29. Bxc5 bxc5) 29. Rd2 $18 {Threatens to win with Rd7.} Nf6 30. Bc4+ {[%mdl 1024] White has strong compensation.} Kh8 (30... Kg7 $16 {was called for.} 31. g4 Kh8) 31. Bg5 Be7 (31... Qg7 $16) 32. Qb3 Rcd8 33. b6 Kg7 34. Rcd1 h6 35. Bf4 Rxd2 36. Bxd2 ({Weaker is} 36. Rxd2 e3 $18) 36... Rd8 37. Bxa5 Rxd1+ 38. Qxd1 e3 39. fxe3 Qe4 40. Qd3 Qh4 (40... Qxd3 $142 41. Bxd3 Kf7) 41. b7 Qg3 42. Bc3 {aiming for Qd5.} Bd6 {[#]} 43. b8=Q $1 {[%csl Gc4][%cal Rb8g8][%mdl 512]} Qh2+ (43... Bxb8 44. Qd7+) 44. Kf2 {Accuracy: White = 63%, Black = 35%.} 1-0

[Event "1st Regina Cattolica Open 2019"]
[Site "Cattolica"]
[Date "2019.06.15"]
[Round "2.3"]
[White "Cappai, Davide"]
[Black "Kjartansson, Gudmundur"]
[Result "0-1"]
[WhiteElo "2185"]
[BlackElo "2459"]
[Annotator "TA"]
[PlyCount "78"]
[EventDate "2019.06.14"]
[EventType "swiss"]
[EventCountry "ITA"]
[SourceTitle "playchess.com"]
[Source "ChessBase"]
[SourceQuality "1"]

{[%evp 15,78,0,-15,-39,0,-11,0,0,0,0,0,22,41,-22,-22,-17,-27,-25,0,0,0,0,0,0,0,-74,-12,-70,-38,-108,-68,-64,-55,-97,-32,-93,-61,-84,-51,-187,-196,-193,-123,-214,-197,-216,-241,-313,-314,-343,-338,-539,-542,-495,-485,-832,-802,-820,-826,-1018,-974,-1127,-1112,-1054,-1016]} 1. e4 e6 2. d4 d5 3. Nc3 Bb4 4. e5 c5 5. a3 Bxc3+ 6. bxc3 Qa5 7. Bd2 Qa4 8. Nf3 b6 9. h4 {C18: French: 3 Nc3 Bb4: Main line: 7 h4 and 7 Qg4} (9. dxc5 bxc5 10. c4 Ba6 11. cxd5 Bxf1 12. Kxf1 exd5 13. h4 Ne7 14. h5 h6 15. Rh4 Qc6 16. Qe2 Qe6 {1-0 (71) Inarkiev,E (2680)-Demchenko,A (2639) Ekaterinburg 2013}) 9... Ba6 10. h5 h6 11. Rh4 {The position is equal.} Bxf1 $1 12. Kxf1 Qa6+ 13. Kg1 Ne7 14. a4 $146 ({White should try} 14. Rg4 $14) ({Predecessor:} 14. Rf4 Nd7 15. Nh4 O-O 16. Qg4 Kh7 {1-0 (40) Nikac,P (2355)-Jacimovic,D (2426) Bar 2008}) 14... Nbc6 $11 15. Rg4 Nf5 16. a5 O-O 17. Qc1 Kh7 ({Not} 17... Nxa5 $2 18. Bxh6 Rfd8 19. Bxg7 $1 $18 {[%mdl 512]}) 18. axb6 Qxb6 19. dxc5 Qxc5 20. Raa4 (20. Rga4 $11 {remains equal.}) 20... Rab8 (20... Na5 $17) 21. Raf4 (21. Ra1 $11) 21... Rg8 22. Kh2 (22. Ra4 $15) 22... Rb7 23. Qf1 Kh8 24. Qd3 Nce7 ({Better is} 24... Rd8 $17 25. Rxf5 exf5 26. Qxf5 Qe7) 25. Nd4 (25. Qe2 $15) 25... Qc7 26. Nf3 Nc6 27. Rxf5 (27. c4 $15) 27... exf5 $19 28. Qxf5 {[#] intending Bxh6!} Qd7 $36 {[%mdl 2048] Keeping White busy.} (28... Qc8 $1 $19 {[%cal Rc8f5]} 29. Qxc8 Rxc8) 29. Qf4 (29. Qxd7 $17 Rxd7 30. Ra4) 29... Qe6 30. Qg3 a5 {[%cal Ba7a5,Ba5a4,Ba4a3][%mdl 32]} 31. Bf4 Rb2 {[%cal Bb7b2,Bb2c2,Bc2c3][%mdl 32]} 32. Nh4 {and the idea Rg6! leaves White hopeful.} Ne7 ({Less strong is} 32... Rxc2 33. Rg6 $17) 33. Qf3 (33. Be3 {was necessary.}) 33... Rxc2 {Black is clearly winning.} 34. Rg3 a4 35. Be3 (35. Qd1 $142 Rxf2 36. Qxa4) 35... Rxc3 36. Qd1 Rc4 37. Rh3 a3 38. Qa1 Ra8 39. Nf3 Nf5 {Accuracy: White = 22%, Black = 53%.} 0-1

[Event "1st Regina Cattolica Open 2019"]
[Site "Cattolica"]
[Date "2019.06.15"]
[Round "2.4"]
[White "Gilevych, Artem"]
[Black "Bettalli, Francesco"]
[Result "1-0"]
[WhiteElo "2448"]
[BlackElo "2169"]
[Annotator "TA"]
[PlyCount "63"]
[EventDate "2019.06.14"]
[EventType "swiss"]
[EventCountry "ITA"]
[SourceTitle "playchess.com"]
[Source "ChessBase"]
[SourceQuality "1"]

{[%evp 15,63,42,44,42,68,70,75,66,73,72,76,71,100,98,158,106,130,116,137,146,147,127,143,130,135,133,142,143,152,150,158,153,210,216,210,216,182,173,175,170,156,149,341,325,659,631,1145,1221,1190,1129]} 1. Nf3 c5 2. c4 Nc6 3. Nc3 g6 4. e3 d6 5. d4 cxd4 6. exd4 Bg7 7. d5 Ne5 8. Nxe5 Bxe5 9. Be3 {A35: Symmetrical English: 2 Nc3 Nc6 3 Nf3} Bg7 10. Qd2 Nf6 11. Be2 {White is better.} O-O 12. O-O Nd7 $146 ({Predecessor:} 12... a6 13. h3 Bd7 14. Rfe1 Qa5 15. a4 e6 16. dxe6 Bxe6 17. Qxd6 {1-0 (44) Malakhov,V (2672)-Dvoirys,S (2552) Istanbul 2003}) 13. Rfe1 b6 14. Rad1 f5 (14... a6 $142) 15. f4 (15. Nb5 $142) 15... Ba6 16. Bd4 Bh6 17. b3 Qc7 18. Bf1 Rae8 19. g3 Nf6 20. Bg2 Bc8 21. Nb5 Qb7 22. Ba1 a6 23. Nd4 Ne4 (23... Bg7 $16 {is a better defense.} 24. Nc6 b5) 24. Bxe4 $18 fxe4 {[#]} 25. Ne6 $1 {[%cal Re6f8]} (25. Rxe4 $6 e5 $16) 25... Bxe6 26. Qd4 {Threatening mate with Qh8+.} (26. dxe6 $6 Bg7 $16) 26... Rf6 {Strongly threatening ...Bg4.} 27. dxe6 $40 {[%mdl 128] Black is in trouble.} Bg7 28. g4 {And now g5 would win.} ({Don't do} 28. Qxe4 Qxe4 29. Rxe4 Rf5 $16) 28... g5 $2 (28... h6 $16 29. Rxe4 Kh7) 29. f5 ({Less strong is} 29. Rxe4 gxf4 30. Rxf4 Qc8 $16) ({Stronger than} 29. Qxe4 Qxe4 30. Rxe4 Rxf4 $11) 29... h5 $2 (29... h6 30. Rxe4 Rc8) 30. Qe3 {White is clearly winning.} Rh6 31. Qxg5 {[%csl Ga1][%cal Rg5g7][%mdl 64] [#] Double Attack} Rh7 32. Re3 {Accuracy: White = 85%, Black = 26%.} 1-0

[Event "1st Regina Cattolica Open 2019"]
[Site "Cattolica"]
[Date "2019.06.15"]
[Round "2.5"]
[White "Rago, Riccardo"]
[Black "Laketic, Gojko"]
[Result "0-1"]
[WhiteElo "2097"]
[BlackElo "2387"]
[Annotator "TA"]
[PlyCount "146"]
[EventDate "2019.06.14"]
[EventType "swiss"]
[EventCountry "ITA"]
[SourceTitle "playchess.com"]
[Source "ChessBase"]
[SourceQuality "1"]

{[%evp 17,146,2,12,-6,18,-15,-14,-23,-8,-21,0,-4,18,18,18,13,19,19,16,0,10,0,0,0,55,55,51,55,47,48,83,43,70,77,93,92,91,92,92,92,92,91,95,0,91,0,147,98,100,100,102,102,110,22,43,22,22,22,22,22,25,0,19,0,0,-26,-26,-26,-26,-26,-26,-91,-91,-91,-91,-106,-106,-106,-106,-106,-106,-106,-106,-106,-106,-106,-91,-106,-106,-106,-91,-91,-52,-50,-53,-159,-159,-214,-189,-225,-198,-195,-169,-176,-166,-201,-176,-295,-253,-427,-422,-408,-305,-516,-509,-517,-509,-503,-495,-502,-487,-414,-371,-520,-527,-1172,-595,-29988,-29988,-29992,-361]} 1. Nf3 d5 2. g3 c6 3. Bg2 Bg4 4. d4 Nd7 5. O-O e6 6. Nbd2 Ngf6 7. b3 Be7 8. Bb2 O-O 9. c4 a5 10. Re1 {D11: Slav Defence: 3 Nf3 sidelines and 3...Nf6 4 e3 Bg4} (10. a3 Qb6 11. h3 Bh5 12. Qc2 Bg6 13. Qc3 Ne4 14. Nxe4 Bxe4 15. Rac1 Qd8 16. h4 Bd6 17. Bh3 Qe7 18. c5 {0-1 (64) Nozdrachev,V (2486)-Kovalenko,I (2657) St Petersburg 2018}) 10... Qb6 11. c5 Qc7 12. a3 {The position is equal.} h6 13. b4 Bf5 14. Bc3 $146 ({Predecessor:} 14. Ne5 b6 15. f4 bxc5 16. bxc5 a4 17. Bc3 Rfd8 18. h3 Bh7 {0-1 (31) Unander,M (2010)-Ravi,T (2374) Vlissingen 2018}) 14... a4 15. Rc1 Ne4 16. Bb2 Bf6 17. e3 Rfe8 18. Nb1 Bg6 19. Nfd2 Nxd2 $1 20. Nxd2 Bd3 (20... e5 $11) 21. e4 $14 dxe4 22. Nxe4 Bxe4 23. Bxe4 Red8 24. Bc2 b5 25. Qf3 Nf8 26. Rcd1 Rac8 27. h4 Rd7 28. Kg2 Qd8 29. Be4 Qc7 30. Bc2 (30. Re3 $16) 30... Rcd8 (30... Qd8 $1 $11) 31. Be4 (31. Ba1 $16) 31... Rd5 (31... Rc8 $1 $11) 32. Re3 R8d7 33. Red3 Qd8 34. Qe3 Qc7 35. f4 (35. Qe2 $16) 35... Rd8 36. Bc3 h5 37. R3d2 g6 38. Bf3 Bg7 39. Kf2 Nh7 {[%cal Bf8h7,Bh7f6,Bf6d5][%mdl 32]} 40. Kg2 R5d7 41. Qe4 (41. f5 $5 gxf5 42. d5 cxd5 43. Bxg7 (43. Bxh5 e5 $17) 43... Kxg7 44. Be2 $11) 41... Rc8 42. Qe3 Nf6 43. Kf2 Nd5 44. Bxd5 (44. Qd3 $1 $11 {remains equal.}) 44... Rxd5 $17 45. Ke2 Rcd8 46. Qe4 R8d7 47. Rd3 Qd8 48. Qe3 Qf6 49. Qe4 Kh7 50. Ke3 Bh6 51. Ke2 Qe7 52. Kf3 Bg7 53. Kg2 Qd8 54. Qe3 {[#]} e5 $1 {[%mdl 512]} 55. fxe5 (55. dxe5 Rxd3) 55... Bxe5 {[%mdl 64] Pin} 56. R3d2 (56. Qf3 $15) 56... Bg7 57. Rf2 (57. Qe1 $17) 57... Re7 $19 58. Qf3 Qe8 59. Rd3 f5 60. Kf1 Re4 61. Re2 Rd7 62. Rde3 (62. d5 {keeps fighting.} Bxc3 63. Rxc3 cxd5 64. Rcc2) 62... Rde7 {[%cal Re4e3]} ({Weaker is} 62... Bxd4 63. Bxd4 Rdxd4 64. Rd3 $17) 63. Rxe4 $2 (63. Kf2) 63... fxe4 64. Qg2 Qf7+ 65. Qf2 $2 (65. Kg1 {is the only way for White.} Qc4 66. Bb2) 65... Qc4 66. Qe1 e3 67. Kg2 Bxd4 68. Bxd4 Qd5+ 69. Kh2 Qxd4 70. Qc1 (70. Qf1 {was necessary.} Qd3 71. Kh3) 70... Qd3 71. Qb2 Rf7 {[#] And now ...Rf1 would win.} 72. Kg2 Qd1 73. Qc2 Qf1+ {Accuracy: White = 42%, Black = 53%.} 0-1

[Event "1st Regina Cattolica Open 2019"]
[Site "Cattolica"]
[Date "2019.06.15"]
[Round "2.6"]
[White "Drazic, Sinisa"]
[Black "Varvaglione, Antonio"]
[Result "1-0"]
[WhiteElo "2365"]
[BlackElo "2154"]
[Annotator "TA"]
[PlyCount "33"]
[EventDate "2019.06.14"]
[EventType "swiss"]
[EventCountry "ITA"]
[SourceTitle "playchess.com"]
[Source "ChessBase"]
[SourceQuality "1"]

{[%evp 18,33,64,67,71,68,194,195,189,199,301,280,263,246,525,525,502,483]} 1. c4 c5 2. Nc3 Nc6 3. Nf3 g6 4. e3 Nf6 5. d4 cxd4 6. exd4 d5 7. Bg5 Ne4 8. cxd5 Nxc3 9. bxc3 {[%cal Bb2c3,Bc3c4][%mdl 32]} Qxd5 10. Qb3 Qe4+ {A35: Symmetrical English: 2 Nc3 Nc6 3 Nf3} 11. Be3 {Strongly threatening d5.} Be6 {[#]} (11... e6 $14) (11... Bh6 12. Bc4 e6 13. O-O Bxe3 14. Rae1 O-O 15. Rxe3 Qf4 16. Qb5 Rb8 17. Nd2 Bd7 18. Ne4 {1-0 (87) Janssen,R (2471)-Maksimenko,A (2543) Germany 2014}) 12. c4 $1 $18 {aiming for Bd3.} Bg7 {[%cal Rc6d4] White is clearly better.} 13. Bd3 Qg4 (13... Nxd4 {is a better defense.} 14. Nxd4 (14. Bxe4 Nxb3 15. Rb1 Bc3+ 16. Ke2 Na5 $15) 14... Qxg2) 14. h3 $146 ({Predecessor:} 14. Qxb7 Rc8 15. O-O Nxd4 16. Bxd4 Bxd4 17. Rae1 {1-0 (17) Magomedov,M (2435)-Kotsur,P (2425) Kurgan 1993}) 14... Qxg2 15. Ke2 Bxh3 $2 {[#]} (15... Nxd4+ 16. Bxd4 (16. Nxd4 Bxd4 17. Bxd4 f6 $18) 16... Bxd4 17. Nxd4 Qg5) 16. Rag1 O-O 17. d5 1-0